[Event "SB-2019-0-00575"]
[Site "LSS email"]
[Date "2019.06.15"]
[Round "?"]
[White "Bujdak, Pavel"]
[Black "Friend, Reuben"]
[Result "1-0"]
[WhiteElo "2000"]
[BlackElo "1971"]
[PlyCount "63"]
[EventDate "2019.05.05"]
[EventType "tourn (corr)"]
[EventRounds "6"]
[EventCountry "GER"]
[SourceTitle "Corr 2022"]
[Source "ChessBase"]
[SourceDate "2021.10.24"]
[SourceVersion "1"]
[SourceVersionDate "2021.10.24"]
[SourceQuality "1"]

1. e4 e6 2. d4 d5 3. Nd2 c5 4. Ngf3 Nc6 5. exd5 exd5 6. Bb5 Qe7+ 7. Be2 Qc7 8. 0-0 Nf6 9. Re1 cxd4 10. Nb3 Bb4 11. Bd2 Bxd2 12. Qxd2 0-0 13. Bd3 Bd7 14. Nbxd4 Bg4 15. c3 Rfe8 16. h3 Bxf3 17. Nxf3 h6 18. Rad1 Rxe1+ 19. Rxe1 Re8 20. Rxe8+ Nxe8 21. g3 Nf6 22. Kg2 Kf8 23. Qe3 Qb6 24. Qxb6 axb6 25. a4 Ke7 26. Kf1 Kd6 27. Ke2 Ne4 28. Ke3 f5 29. Nd4 g6 30. Bxe4 fxe4 31. Nxc6 bxc6 32. b4 1-0

[Event "SB-2019-0-00574"]
[Site "LSS email"]
[Date "2019.06.13"]
[Round "?"]
[White "Mary, Patrick"]
[Black "Friend, Reuben"]
[Result "0-1"]
[WhiteElo "2050"]
[BlackElo "1971"]
[PlyCount "58"]
[EventDate "2019.04.26"]
[EventType "tourn (corr)"]
[EventRounds "6"]
[EventCountry "GER"]
[SourceTitle "Corr 2022"]
[Source "ChessBase"]
[SourceDate "2021.10.24"]
[SourceVersion "1"]
[SourceVersionDate "2021.10.24"]
[SourceQuality "1"]

1. e4 e6 2. Nf3 d5 3. exd5 exd5 4. d4 Bd6 5. Bd3 Nc6 6. 0-0 Nge7 7. c3 Bg4 8. h3 Bh5 9. Re1 Qd7 10. Nbd2 f6 11. a4 0-0 12. Qc2 Bg6 13. Bxg6 hxg6 14. b4 Nf5 15. g4 Nfe7 16. Nb3 b6 17. Nc5 bxc5 18. bxc5 Bxc5 19. dxc5 g5 20. Bd2 Rae8 21. Rad1 Kf7 22. Kg2 Rh8 23. Bc1 Ng6 24. Bxg5 fxg5 25. Nxg5+ Kf6 26. Rxe8 Rxe8 27. Nh7+ Kf7 28. Ng5+ Kf6 29. Nh7+ Kf7 0-1

[Event "SB-2019-0-00574"]
[Site "LSS email"]
[Date "2019.06.08"]
[Round "?"]
[White "Friend, Reuben"]
[Black "Bujdak, Pavel"]
[Result "1/2-1/2"]
[WhiteElo "1971"]
[BlackElo "2000"]
[PlyCount "55"]
[EventDate "2019.04.26"]
[EventType "tourn (corr)"]
[EventRounds "6"]
[EventCountry "GER"]
[SourceTitle "Corr 2022"]
[Source "ChessBase"]
[SourceDate "2021.10.24"]
[SourceVersion "1"]
[SourceVersionDate "2021.10.24"]
[SourceQuality "1"]

1. e4 c5 2. Ne2 Nc6 3. d4 cxd4 4. Nxd4 Nf6 5. Nc3 d6 6. g3 Nxd4 7. Qxd4 g6 8. e5 dxe5 9. Qxe5 Bg7 10. Bg2 0-0 11. 0-0 Be6 12. Qb5 Qb6 13. a4 Rac8 14. Bxb7 Rc5 15. Qxb6 axb6 16. Be3 Rc7 17. Bg2 Nd7 18. Rfb1 Re8 19. Nb5 Rxc2 20. Nd4 Bxd4 21. Bxd4 Rc4 22. Rd1 Nc5 23. Bxc5 Rxc5 24. b4 Rc7 25. a5 bxa5 26. bxa5 Ra7 27. Rdb1 Bc8 28. Bf1 1/2-1/2

[Event "SB-2018-0-00542"]
[Site "LSS email"]
[Date "2018.07.30"]
[Round "?"]
[White "Friend, Reuben"]
[Black "Koronowski, Heinz Juergen"]
[Result "1/2-1/2"]
[WhiteElo "1931"]
[BlackElo "2063"]
[PlyCount "83"]
[EventDate "2018.07.01"]
[EventType "tourn (corr)"]
[EventRounds "6"]
[EventCountry "GER"]
[SourceTitle "Corr 2022"]
[Source "ChessBase"]
[SourceDate "2021.10.24"]
[SourceVersion "1"]
[SourceVersionDate "2021.10.24"]
[SourceQuality "1"]

1. d4 Nf6 2. Nf3 g6 3. c4 Bg7 4. g3 0-0 5. Bg2 c6 6. 0-0 d5 7. b3 dxc4 8. bxc4 c5 9. Bb2 cxd4 10. Nxd4 Qb6 11. Qb3 Nfd7 12. e3 e5 13. Ne2 Nc5 14. Qxb6 axb6 15. Nbc3 Nc6 16. Nd5 Bf5 17. Rfd1 Ra6 18. Nc1 Rc8 19. Rd2 Ne4 20. Rd1 Nc5 21. Rd2 Ne4 22. Rd1 Nd6 23. Bf1 Bg4 24. Re1 Ne4 25. Nb3 Rd8 26. a4 Bf3 27. Rec1 h5 28. Rc2 Kh7 29. Bg2 Bxg2 30. Kxg2 Rc8 31. f3 Nd6 32. Nd2 Na5 33. Rac1 e4 34. Nxe4 Nxe4 35. Bxg7 Kxg7 36. fxe4 Nb3 37. Rb1 Nc5 38. e5 Nd7 39. Rb3 Nxe5 40. Nxb6 Rxb6 41. Rxb6 Nxc4 42. Rxc4 1/2-1/2

[Event "SB-2018-0-00541"]
[Site "LSS email"]
[Date "2018.07.28"]
[Round "?"]
[White "Langheld, Werner"]
[Black "Friend, Reuben"]
[Result "1/2-1/2"]
[WhiteElo "1917"]
[BlackElo "1931"]
[PlyCount "46"]
[EventDate "2018.06.29"]
[EventType "tourn (corr)"]
[EventRounds "6"]
[EventCountry "GER"]
[SourceTitle "Corr 2022"]
[Source "ChessBase"]
[SourceDate "2021.10.24"]
[SourceVersion "1"]
[SourceVersionDate "2021.10.24"]
[SourceQuality "1"]

1. e4 Nf6 2. e5 Nd5 3. d4 d6 4. Bg5 h6 5. Bd2 dxe5 6. dxe5 Bf5 7. Bb5+ c6 8. Bd3 Bxd3 9. cxd3 e6 10. Nf3 c5 11. 0-0 Nc6 12. a3 Be7 13. Nc3 0-0 14. Rc1 Qd7 15. Ne4 b6 16. Qe2 Rfd8 17. Rfd1 Rac8 18. h3 Nc7 19. Be3 Nb5 20. Rc4 Na5 21. Rcc1 Nc6 22. Rc4 Na5 23. Rcc1 Nc6 1/2-1/2

[Event "SB-2018-0-00541"]
[Site "LSS email"]
[Date "2018.07.27"]
[Round "?"]
[White "Gazen, Louis"]
[Black "Friend, Reuben"]
[Result "1/2-1/2"]
[WhiteElo "1953"]
[BlackElo "1931"]
[PlyCount "59"]
[EventDate "2018.06.29"]
[EventType "tourn (corr)"]
[EventRounds "6"]
[EventCountry "GER"]
[SourceTitle "Corr 2022"]
[Source "ChessBase"]
[SourceDate "2021.10.24"]
[SourceVersion "1"]
[SourceVersionDate "2021.10.24"]
[SourceQuality "1"]

1. e4 Nf6 2. e5 Nd5 3. d4 d6 4. c4 Nb6 5. Nf3 g6 6. Be3 Bg7 7. Nc3 0-0 8. c5 N6d7 9. cxd6 cxd6 10. exd6 exd6 11. Bd3 Nc6 12. 0-0 Nb6 13. Bg5 f6 14. Bf4 Bg4 15. Nb5 d5 16. Be2 Rf7 17. h3 Be6 18. Re1 Rd7 19. a3 Bf7 20. Rc1 Rc8 21. Nc3 a6 22. Bd3 Nc4 23. Qc2 Nd6 24. Qe2 Re7 25. Qf1 Qf8 26. Rc2 Rxe1 27. Qxe1 Re8 28. Qc1 Ne4 29. Ne2 Qe7 30. h4 1/2-1/2

[Event "SB-2018-0-00540"]
[Site "LSS email"]
[Date "2018.07.23"]
[Round "?"]
[White "Cleto, Dirceu Jr"]
[Black "Friend, Reuben"]
[Result "0-1"]
[WhiteElo "1978"]
[BlackElo "1931"]
[PlyCount "23"]
[EventDate "2018.06.22"]
[EventType "tourn (corr)"]
[EventRounds "6"]
[EventCountry "GER"]
[SourceTitle "Corr 2022"]
[Source "ChessBase"]
[SourceDate "2021.10.24"]
[SourceVersion "1"]
[SourceVersionDate "2021.10.24"]
[SourceQuality "1"]

1. e4 Nf6 2. e5 Nd5 3. d4 d6 4. Nf3 dxe5 5. Nxe5 c6 6. Be2 Bf5 7. 0-0 Nd7 8. Nf3 e6 9. c4 N5f6 10. Nc3 Ne4 11. Qb3 Nxc3 12. bxc3 0-1

[Event "SB-2018-0-00542"]
[Site "LSS email"]
[Date "2018.07.22"]
[Round "?"]
[White "Friend, Reuben"]
[Black "Knoeppel, Bjoern"]
[Result "1/2-1/2"]
[WhiteElo "1931"]
[BlackElo "2021"]
[PlyCount "92"]
[EventDate "2018.07.01"]
[EventType "tourn (corr)"]
[EventRounds "6"]
[EventCountry "GER"]
[SourceTitle "Corr 2022"]
[Source "ChessBase"]
[SourceDate "2021.10.24"]
[SourceVersion "1"]
[SourceVersionDate "2021.10.24"]
[SourceQuality "1"]

1. d4 d6 2. Nf3 g6 3. c4 f5 4. g3 Nf6 5. Bg2 Bg7 6. 0-0 0-0 7. Nc3 c6 8. d5 e5 9. dxe6 Bxe6 10. b3 Na6 11. Ng5 Qe7 12. Ba3 Rad8 13. Nxe6 Qxe6 14. Rc1 Nc5 15. Qc2 Nfe4 16. Nxe4 Nxe4 17. e3 Rf7 18. Rfd1 Rfd7 19. Bb2 Bxb2 20. Qxb2 d5 21. cxd5 Rxd5 22. Rxd5 Rxd5 23. Bxe4 fxe4 24. b4 Qd7 25. Kg2 Qg4 26. Qf6 Qf5 27. Qxf5 gxf5 28. Rc4 Kf7 29. h3 Ke6 30. a4 a5 31. bxa5 Rxa5 32. Rb4 Kd6 33. Rxb7 c5 34. g4 c4 35. Kf1 c3 36. Ke1 fxg4 37. Kd1 gxh3 38. Rxh7 Kc5 39. Kc2 Kb4 40. Rh4 Re5 41. a5 h2 42. a6 h1Q 43. Rxh1 Ra5 44. Rb1+ Kc4 45. Rb6 Ra2+ 46. Kb1 Ra3 1/2-1/2

[Event "SB-2018-0-00540"]
[Site "LSS email"]
[Date "2018.07.22"]
[Round "?"]
[White "Langheld, Werner"]
[Black "Friend, Reuben"]
[Result "1/2-1/2"]
[WhiteElo "1924"]
[BlackElo "1931"]
[PlyCount "78"]
[EventDate "2018.06.22"]
[EventType "tourn (corr)"]
[EventRounds "6"]
[EventCountry "GER"]
[SourceTitle "Corr 2022"]
[Source "ChessBase"]
[SourceDate "2021.10.24"]
[SourceVersion "1"]
[SourceVersionDate "2021.10.24"]
[SourceQuality "1"]

1. e4 Nf6 2. e5 Nd5 3. d4 d6 4. c4 Nb6 5. Nf3 g6 6. exd6 cxd6 7. Nc3 Bg7 8. h3 0-0 9. Be2 Nc6 10. 0-0 Bf5 11. Re1 Rc8 12. g4 Bd7 13. c5 dxc5 14. dxc5 Na8 15. Be3 Nc7 16. Qb3 Ra8 17. Rad1 Qc8 18. Qc4 h6 19. Rd2 Be6 20. Qe4 Rd8 21. Rxd8+ Qxd8 22. Rd1 Qe8 23. Nd4 Rd8 24. Nxe6 Nxe6 25. Rxd8 Qxd8 26. Bb5 Qd7 27. Kg2 Ned4 28. Ba4 e6 29. Qd3 f5 30. Qc4 Qf7 31. f4 Qf6 32. Bd1 Kh7 33. a3 a6 34. b4 e5 35. Nd5 Qe6 36. Nb6 Qe7 37. Nd5 Qe6 38. Nb6 Qe7 39. Nd5 Qe6 1/2-1/2

[Event "SB-2017-0-00496"]
[Site "LSS email"]
[Date "2017.05.04"]
[Round "?"]
[White "Egorov, Vladimir Al"]
[Black "Friend, Reuben"]
[Result "1-0"]
[WhiteElo "2084"]
[BlackElo "1969"]
[PlyCount "99"]
[EventDate "2017.04.04"]
[EventType "tourn (corr)"]
[EventRounds "6"]
[EventCountry "GER"]
[SourceTitle "Corr 2022"]
[Source "ChessBase"]
[SourceDate "2021.10.24"]
[SourceVersion "1"]
[SourceVersionDate "2021.10.24"]
[SourceQuality "1"]

1. Nf3 f5 2. g3 Nf6 3. Bg2 g6 4. d4 Bg7 5. 0-0 0-0 6. Nbd2 d6 7. Re1 Nc6 8. e4 e5 9. exf5 gxf5 10. dxe5 dxe5 11. Nb3 e4 12. Nfd4 Nxd4 13. Qxd4 Qxd4 14. Nxd4 Ng4 15. Rd1 Ne5 16. Bf4 a6 17. Bf1 Bd7 18. c3 Rad8 19. Kg2 Ba4 20. Re1 Rde8 21. Be2 Nd3 22. Bxd3 exd3 23. Ne6 Rf7 24. Nxg7 Kxg7 25. Rxe8 Bxe8 26. Kf1 Kf6 27. Ke1 c5 28. c4 b5 29. Rc1 Rb7 30. cxb5 Rxb5 31. Bd2 Bd7 32. Rc4 Kg6 33. b3 Be6 34. Rc3 Ra5 35. a4 c4 36. bxc4 Rxa4 37. c5 Kf7 38. c6 Re4+ 39. Be3 Rc4 40. Kd2 Rxc3 41. Kxc3 Ke7 42. Bc5+ Kd8 43. Bb6+ Kc8 44. Kxd3 Bd5 45. c7 Kd7 46. Kd4 Bb7 47. Kc5 Bg2 48. Ba5 Bf3 49. Kd4 Bg4 50. Ke5 1-0

[Event "SB-2015-0-00416"]
[Site "LSS email"]
[Date "2015.06.28"]
[Round "?"]
[White "Korinek, Jaroslav"]
[Black "Friend, Reuben"]
[Result "1/2-1/2"]
[WhiteElo "1871"]
[BlackElo "1930"]
[PlyCount "62"]
[EventDate "2015.06.02"]
[EventType "tourn (corr)"]
[EventRounds "6"]
[EventCountry "GER"]
[SourceTitle "Corr 2022"]
[Source "ChessBase"]
[SourceDate "2021.10.24"]
[SourceVersion "1"]
[SourceVersionDate "2021.10.24"]
[SourceQuality "1"]

1. d4 d5 2. Bf4 Nf6 3. e3 c5 4. Nf3 cxd4 5. exd4 Nc6 6. Bd3 Bg4 7. c3 Qb6 8. b4 e6 9. Nbd2 Be7 10. 0-0 0-0 11. Qb1 Bh5 12. a4 Rfc8 13. h3 Qd8 14. Re1 Bg6 15. Bxg6 hxg6 16. a5 Nh5 17. Bh2 Bd6 18. Bxd6 Qxd6 19. Qd3 b6 20. Ng5 Qc7 21. axb6 axb6 22. Ndf3 Nf6 23. Rac1 Ra3 24. Qd2 Nd8 25. Ne5 b5 26. Re3 Nd7 27. Nxd7 Qxd7 28. h4 Rca8 29. Rce1 Ra1 30. Rxa1 Rxa1+ 31. Re1 Rxe1+ 1/2-1/2

[Event "RB-2015-0-00278"]
[Site "LSS email"]
[Date "2015.04.27"]
[Round "?"]
[White "Carroll, Patrick"]
[Black "Friend, Reuben"]
[Result "1/2-1/2"]
[WhiteElo "2114"]
[BlackElo "1922"]
[PlyCount "60"]
[EventDate "2015.03.03"]
[EventType "tourn (corr)"]
[EventRounds "6"]
[EventCountry "GER"]
[SourceTitle "Corr 2022"]
[Source "ChessBase"]
[SourceDate "2021.10.24"]
[SourceVersion "1"]
[SourceVersionDate "2021.10.24"]
[SourceQuality "1"]

1. e4 e6 2. d4 d5 3. Nc3 Nf6 4. Bg5 dxe4 5. Nxe4 Be7 6. Bxf6 gxf6 7. Nf3 a6 8. c4 f5 9. Nc3 Bf6 10. Qd2 c5 11. d5 0-0 12. Be2 e5 13. g3 Kh8 14. Qc2 b5 15. Nd2 e4 16. a3 Nd7 17. cxb5 axb5 18. 0-0 b4 19. axb4 Rxa1 20. Rxa1 cxb4 21. Nb5 Bb7 22. Nd6 Bxd5 23. Nxf5 Qc8 24. Nc4 Ne5 25. Nfe3 Bxc4 26. Nxc4 Nxc4 27. Bxc4 Bd4 28. Qe2 f5 29. Rd1 Qc5 30. b3 Rd8 1/2-1/2

[Event "SB-2015-0-00410"]
[Site "LSS email"]
[Date "2015.04.25"]
[Round "?"]
[White "Friend, Reuben"]
[Black "Bujdak, Pavel"]
[Result "0-1"]
[WhiteElo "1915"]
[BlackElo "1746"]
[PlyCount "64"]
[EventDate "2015.03.16"]
[EventType "tourn (corr)"]
[EventRounds "6"]
[EventCountry "GER"]
[SourceTitle "Corr 2022"]
[Source "ChessBase"]
[SourceDate "2021.10.24"]
[SourceVersion "1"]
[SourceVersionDate "2021.10.24"]
[SourceQuality "1"]

1. c4 e5 2. g3 Nf6 3. Bg2 d5 4. cxd5 Nxd5 5. Nf3 Nc6 6. 0-0 Nb6 7. b3 Be6 8. Bb2 f6 9. Nc3 Qd7 10. Qb1 0-0-0 11. Rc1 Kb8 12. Ne4 Be7 13. Nc5 Bxc5 14. Rxc5 g5 15. Rxc6 bxc6 16. Bxe5 fxe5 17. Nxe5 Qxd2 18. Nxc6+ Kc8 19. Nxa7+ Kd7 20. Qe4 Nd5 21. Nb5 Nf6 22. Qe5 Ke7 23. Rf1 Kf7 24. f4 g4 25. Nxc7 Qd6 26. e4 Qb6+ 27. Kh1 Bc8 28. f5 h5 29. a4 h4 30. gxh4 Rxh4 31. Nb5 Nh5 32. a5 Qe3 0-1

[Event "RB-2015-0-00277"]
[Site "LSS email"]
[Date "2015.04.18"]
[Round "?"]
[White "Korchut, Adam"]
[Black "Friend, Reuben"]
[Result "1/2-1/2"]
[WhiteElo "1829"]
[BlackElo "1929"]
[PlyCount "53"]
[EventDate "2015.02.16"]
[EventType "tourn (corr)"]
[EventRounds "6"]
[EventCountry "GER"]
[SourceTitle "Corr 2022"]
[Source "ChessBase"]
[SourceDate "2021.10.24"]
[SourceVersion "1"]
[SourceVersionDate "2021.10.24"]
[SourceQuality "1"]

1. d4 Nf6 2. c4 e6 3. Nc3 Bb4 4. Qc2 d6 5. Bg5 h6 6. Bh4 c5 7. dxc5 dxc5 8. e3 Nc6 9. a3 Bxc3+ 10. Qxc3 e5 11. Bd3 Qa5 12. Ne2 Be6 13. Bxf6 gxf6 14. 0-0-0 0-0-0 15. Qc2 Ne7 16. Nc3 f5 17. Be2 Kb8 18. Rxd8+ Rxd8 19. Rd1 a6 20. g3 Qc7 21. f4 f6 22. b3 Rd6 23. Bf3 Qd8 24. Na4 b6 25. Rxd6 Qxd6 26. Qd2 Qxd2+ 27. Kxd2 1/2-1/2

[Event "RB-2015-0-00273"]
[Site "LSS email"]
[Date "2015.02.17"]
[Round "?"]
[White "Friend, Reuben"]
[Black "Ederer, Karel"]
[Result "1-0"]
[WhiteElo "1958"]
[BlackElo "2039"]
[PlyCount "73"]
[EventDate "2014.12.20"]
[EventType "tourn (corr)"]
[EventRounds "6"]
[EventCountry "GER"]
[SourceTitle "Corr 2022"]
[Source "ChessBase"]
[SourceDate "2021.10.24"]
[SourceVersion "1"]
[SourceVersionDate "2021.10.24"]
[SourceQuality "1"]

1. d4 Nf6 2. Nf3 g6 3. Bg5 Bg7 4. Nbd2 0-0 5. c3 d5 6. e3 a5 7. Bd3 c5 8. a4 Qb6 9. Rb1 Nc6 10. 0-0 h6 11. Bh4 Bd7 12. Re1 Rfe8 13. dxc5 Qxc5 14. e4 Be6 15. e5 Nd7 16. Bg3 Qb6 17. Nb3 Nc5 18. Nxc5 Qxc5 19. Qb3 Qa7 20. Rbd1 Red8 21. Qb5 d4 22. Be4 Rd7 23. Bf4 dxc3 24. bxc3 Rad8 25. Rc1 Bd5 26. e6 Bxe6 27. Be3 Qa8 28. Bb6 Rc8 29. Bxg6 Qa6 30. Be4 Ra8 31. Qc5 Qc4 32. Qh5 Rc8 33. h3 Qxa4 34. Qh4 Bb3 35. Be3 f5 36. Bxh6 e6 37. c4 1-0

[Event "RB-2015-0-00273"]
[Site "LSS email"]
[Date "2015.02.17"]
[Round "?"]
[White "Friend, Reuben"]
[Black "Hansen, Marco"]
[Result "1/2-1/2"]
[WhiteElo "1958"]
[BlackElo "1904"]
[PlyCount "49"]
[EventDate "2014.12.20"]
[EventType "tourn (corr)"]
[EventRounds "6"]
[EventCountry "GER"]
[SourceTitle "Corr 2022"]
[Source "ChessBase"]
[SourceDate "2021.10.24"]
[SourceVersion "1"]
[SourceVersionDate "2021.10.24"]
[SourceQuality "1"]

1. d4 Nf6 2. Nf3 d5 3. c4 c6 4. e3 e6 5. b3 Ne4 6. Bd3 Bb4+ 7. Nbd2 f5 8. 0-0 Nd7 9. a3 Bd6 10. Bb2 0-0 11. b4 a5 12. b5 Qe7 13. a4 Bb4 14. Be2 cxb5 15. axb5 Nxd2 16. Nxd2 b6 17. cxd5 exd5 18. Nf3 Bb7 19. Ne5 Qe6 20. Nd3 Bd6 21. Ba3 Bxa3 22. Rxa3 Nf6 23. Ne5 Rfc8 24. Qa1 Qd6 25. g3 1/2-1/2

[Event "RB-2015-0-00273"]
[Site "LSS email"]
[Date "2015.02.17"]
[Round "?"]
[White "Hatsek, Werner"]
[Black "Friend, Reuben"]
[Result "1/2-1/2"]
[WhiteElo "1979"]
[BlackElo "1958"]
[PlyCount "56"]
[EventDate "2014.12.20"]
[EventType "tourn (corr)"]
[EventRounds "6"]
[EventCountry "GER"]
[SourceTitle "Corr 2022"]
[Source "ChessBase"]
[SourceDate "2021.10.24"]
[SourceVersion "1"]
[SourceVersionDate "2021.10.24"]
[SourceQuality "1"]

1. Nf3 f5 2. d4 Nf6 3. c4 e6 4. g3 d5 5. Bg2 c6 6. 0-0 Bd6 7. Nc3 0-0 8. Qc2 Qe7 9. cxd5 exd5 10. Bg5 Be6 11. Qb3 h6 12. Bf4 Bxf4 13. gxf4 Qc7 14. e3 Ne4 15. Rad1 Nd7 16. Ne5 Rae8 17. Qc2 g5 18. Ne2 Kh7 19. f3 Nd6 20. b3 Rg8 21. Kh1 Kh8 22. Rg1 Rg7 23. Ng3 Nf6 24. fxg5 hxg5 25. Bf1 g4 26. Be2 gxf3 27. Bxf3 Reg8 28. Ne2 Nfe4 1/2-1/2

[Event "SB-2015-0-00404"]
[Site "LSS email"]
[Date "2015.02.03"]
[Round "?"]
[White "Friend, Reuben"]
[Black "Luers, Lavas"]
[Result "1/2-1/2"]
[WhiteElo "1958"]
[BlackElo "1968"]
[PlyCount "51"]
[EventDate "2014.12.26"]
[EventType "tourn (corr)"]
[EventRounds "6"]
[EventCountry "GER"]
[SourceTitle "Corr 2022"]
[Source "ChessBase"]
[SourceDate "2021.10.24"]
[SourceVersion "1"]
[SourceVersionDate "2021.10.24"]
[SourceQuality "1"]

1. Nf3 c5 2. c4 Nc6 3. d4 cxd4 4. Nxd4 Nf6 5. Nc3 e6 6. a3 Bc5 7. Nb3 Be7 8. e4 0-0 9. Be2 b6 10. 0-0 Bb7 11. Bf4 d6 12. Rc1 Rc8 13. Re1 Ne5 14. Nd2 Ng6 15. Bg3 a6 16. b4 h6 17. Bf1 h5 18. Nf3 Qc7 19. Nh4 Ne5 20. f4 Nxc4 21. Bxc4 Qxc4 22. Nd5 Bxd5 23. Rxc4 Bxc4 24. f5 e5 25. Nf3 a5 26. bxa5 1/2-1/2

[Event "SB-2015-0-00403"]
[Site "LSS email"]
[Date "2015.01.21"]
[Round "?"]
[White "Friend, Reuben"]
[Black "Obukhov, Gennady Nikolaevich"]
[Result "1/2-1/2"]
[WhiteElo "1958"]
[BlackElo "1950"]
[PlyCount "33"]
[EventDate "2014.12.22"]
[EventType "tourn (corr)"]
[EventRounds "6"]
[EventCountry "GER"]
[SourceTitle "Corr 2022"]
[Source "ChessBase"]
[SourceDate "2021.10.24"]
[SourceVersion "1"]
[SourceVersionDate "2021.10.24"]
[SourceQuality "1"]

1. c4 e5 2. g3 f5 3. d4 exd4 4. Nf3 Bb4+ 5. Bd2 Bxd2+ 6. Qxd2 c5 7. e3 Qe7 8. Bg2 dxe3 9. fxe3 Nf6 10. Nh4 d6 11. 0-0 g6 12. Nc3 Nc6 13. Rad1 0-0 14. b3 Kg7 15. Rf2 Re8 16. Re2 Ne5 17. Qxd6 1/2-1/2